000 00518nam a2200181Ia 4500
003 GCL
008 140319s9999 xx 000 0 ara d
040 _aGCL /
_cGCL
082 0 4 _a342.08
_bن ا
100 1 _aنعيم عطية
245 1 0 _aالمنع من السفر /
_cنعيم عطية
260 _a[S.N] :
_bدار النهضة العربية
300 _a111 ص
490 _aموسوعة حقوق الانسان
_v0
650 0 4 _aالقانون
650 0 4 _aالقانون العام
942 _2ddc
_cBK
999 _c56207
_d56207